TEMATICKO-ŠTYLISTICKÝ ROZBOR HORÁKOVEJ POVIEDKY NA STAVBE

Bibliographic Details
Main Author: Bajzíková, Eugénia, 1937- (Author)
Format: Article
Language:Slovak

MARC

LEADER 00000nab a2200000 a 4500
001 vtls010726888
003 SK-MaSNL
005 20260304195205.0
008 250709s xo |||||||||||||||||slo|
035 |a (urnnbn)urn:nbn:sk:snk:ar-a050do 
035 |a (uuid)89a8919b-0152-4627-94dc-5ced45744975 
035 |a urn:nbn:sk:snk-ab3qh7 
040 |a SNKBUCL  |b slo  |c SNKBUCL  |e AACR2 
041 0 |a slo 
044 |a xo  |c SK 
100 1 |a Bajzíková, Eugénia,  |d 1937-  |4 aut  |9 97586 
245 1 0 |a TEMATICKO-ŠTYLISTICKÝ ROZBOR HORÁKOVEJ POVIEDKY NA STAVBE  |c Eugénia Bajzíková 
773 0 |t Slovenský jazyk a literatúra v škole : časopis pre otázky jazyka a literatúry  |g Roč. 18, č. 1 (1971-1972), s. 18-21 
850 |a Slovenská národná knižnica 
852 |a Slovenská národná knižnica 
954 |a odborná, vedecká literatúra pôvodná (slovenská)  |2 lita 
958 |a article1 
958 |a OND 
958 |a EUIPO 
999 |c 3079971  |d 3081901